Catholic University of Zimbabwe Library
Online Public Access Catalogue
(OPAC)

Governing China's Multiethnic Frontiers (Record no. 24549)

MARC details
000 -LEADER
fixed length control field 01903cam a22004934a 4500
001 - CONTROL NUMBER
control field muse38617
003 - CONTROL NUMBER IDENTIFIER
control field MdBmJHUP
005 - DATE AND TIME OF LATEST TRANSACTION
control field 20210127151102.0
006 - FIXED-LENGTH DATA ELEMENTS--ADDITIONAL MATERIAL CHARACTERISTICS
fixed length control field m o d
007 - PHYSICAL DESCRIPTION FIXED FIELD--GENERAL INFORMATION
fixed length control field cr||||||||nn|n
008 - FIXED-LENGTH DATA ELEMENTS--GENERAL INFORMATION
fixed length control field 031016s2004 wau o 00 0 eng d
010 ## - LIBRARY OF CONGRESS CONTROL NUMBER
Canceled/invalid LC control number 2003064505
020 ## - INTERNATIONAL STANDARD BOOK NUMBER
International Standard Book Number 9780295804057
020 ## - INTERNATIONAL STANDARD BOOK NUMBER
International Standard Book Number 029580405X
020 ## - INTERNATIONAL STANDARD BOOK NUMBER
Canceled/invalid ISBN 0295983906 (alk. paper)
020 ## - INTERNATIONAL STANDARD BOOK NUMBER
Canceled/invalid ISBN 9780295983905
035 ## - SYSTEM CONTROL NUMBER
System control number (OCoLC)878405468
040 ## - CATALOGING SOURCE
Original cataloging agency MdBmJHUP
Transcribing agency MdBmJHUP
043 ## - GEOGRAPHIC AREA CODE
Geographic area code a-cc---
050 04 - LIBRARY OF CONGRESS CALL NUMBER
Classification number JQ1506.M5
Item number G68 2004
082 0# - DEWEY DECIMAL CLASSIFICATION NUMBER
Classification number 323.151
Edition number 22
245 00 - TITLE STATEMENT
Title Governing China's Multiethnic Frontiers
Statement of responsibility, etc. edited by Morris Rossabi.
264 #1 - PRODUCTION, PUBLICATION, DISTRIBUTION, MANUFACTURE, AND COPYRIGHT NOTICE
Name of producer, publisher, distributor, manufacturer University of Washington Press,
264 #3 - PRODUCTION, PUBLICATION, DISTRIBUTION, MANUFACTURE, AND COPYRIGHT NOTICE
Name of producer, publisher, distributor, manufacturer Project MUSE,
300 ## - PHYSICAL DESCRIPTION
Extent 1 online resource (viii, 296 p.) :
Other physical details ill. ;
500 ## - GENERAL NOTE
General note Papers presented at conference "China's Management of Its National Minorities," held in Washington, D.C., Feb. 2001.
504 ## - BIBLIOGRAPHY, ETC. NOTE
Bibliography, etc. note Includes bibliographical references (p. 270-284) and index.
506 0# - RESTRICTIONS ON ACCESS NOTE
Terms governing access Open Access
Standardized terminology for access restriction Unrestricted online access
Source of term star
588 ## - SOURCE OF DESCRIPTION NOTE
Source of description note Description based on print version record.
650 #0 - SUBJECT ADDED ENTRY--TOPICAL TERM
Topical term or geographic name entry element Minorities
General subdivision Government policy
Geographic subdivision China
Form subdivision Congresses.
651 #0 - SUBJECT ADDED ENTRY--GEOGRAPHIC NAME
Geographic name China
General subdivision Ethnic relations
-- Political aspects
Form subdivision Congresses.
655 #7 - INDEX TERM--GENRE/FORM
Genre/form data or focus term Electronic books.
Source of term local
700 1# - ADDED ENTRY--PERSONAL NAME
Personal name Rossabi, Morris.
710 2# - ADDED ENTRY--CORPORATE NAME
Corporate name or jurisdiction name as entry element Project Muse.
Relator term distributor
830 #0 - SERIES ADDED ENTRY--UNIFORM TITLE
Uniform title Book collections on Project MUSE.
856 40 - ELECTRONIC LOCATION AND ACCESS
Public note Full text available:
Uniform Resource Identifier <a href="https://muse.jhu.edu/book/32647/">https://muse.jhu.edu/book/32647/</a>
945 ## - LOCAL PROCESSING INFORMATION (OCLC)
a Project MUSE - Archive Political Science and Policy Studies Supplement III
945 ## - LOCAL PROCESSING INFORMATION (OCLC)
a Project MUSE - Archive Complete Supplement III
945 ## - LOCAL PROCESSING INFORMATION (OCLC)
a Project MUSE - Archive Asian and Pacific Studies Supplement II
Holdings
Withdrawn status Lost status Source of classification or shelving scheme Damaged status Not for loan Home library Current library Shelving location Date acquired Total Checkouts Full call number Date last seen Uniform Resource Identifier Price effective from Koha item type
          Digital Library Digital Library Online Access 27.01.2021   JQ1506.M5 G68 2004 27.01.2021 https://muse.jhu.edu/book/32647/ 27.01.2021 eBook

OPENING HOURS

Weekdays: 0815hrs - 1800hrs
Weekends:0900hrs - 1200hrs

Closed for Mass:

Mon, Thur: 1200hrs - 1300hrs
Sunday & Public Holiday’s

CALL SUPPORT

0242-570570, 0242-570169
09200664, +263 8644140602

LOCATION

18443, Cranborne Avenue, Hatfield, Harare

Other Links


©2021 | CUZ Library